=LDR 00000nam 2200000 4500 =001 INLIS000000000014118 =005 20140508130840.0 =006 =007 =008 Ind =035 ##$$a 0010-061300000014118 =041 ##$$a Ind =082 ##$$a 297.9 =090 ##$$a 297.9, Sun s =100 ##$$a Sunanto, Musyrifah =245 ##$$a Sejarah islam klasik, Perkembangan ilmu pengetahuan islam, Hj.Musyrifah Sunanto =260 ##$$a 2004 $b Jakarta =300 ##$$a xi, 268 hlm, 21 cm =650 ##$$a Sejarah Islam =850 ##$$a NBPNMAT =990 ##$$a 90701/BPAP-NTB/2014 =990 ##$$a 0001/BPAP-NTB/20142014